000 00976namaa2200217 i 4500
001 174332
003 ES-MaACL
005 20250815105707.0
008 100406s1916 sp | |||| ||spa d
080 _a593.4
100 1 _aFerrer Hernández, Francisco.
_9142320
245 1 0 _aFauna del Mediterráneo occidental
_b: esponjas españolas /
_cpor Francisco Ferrer Hernández.
260 _aMadrid :
_bJunta para Ampliación de Estudios e Investigaciones Científicas,
_c1916 (
_fImp. de Jesús López)
300 _a52 p. :
_bil. ;
_c23 cm.
490 1 _aTrabajos del Museo Nacional de Ciencias Naturales. Serie zoológica ;
_v27
650 4 _aEsponjas-
_zMediterráneo.
_9142434
710 2 _aJunta para la Ampliación de Estudios e Investigaciones Científicas.
_95413
830 0 0 _aTrabajos del Museo Nacional de Ciencias Naturales.
_pSerie zoológica
_v27
_9189348
852 _aES-MaACL
_jB-13149(7)
_z.- Encuadernado con otras obras
999 _c174332
_d174332